Biji benih dan tumbuh-tumbuhan

Bibliographic Details
Main Author: Bates, Jeffrey
Format: Book
Published: Kuala Lumpur : Pustaka Sistem Pelajaran , 1994
Subjects:

MARC

LEADER 00000cam a2200000 7i4500
001 0000007083
002 000007624
005 20011211.0
020 |a 9679025462 
090 0 0 |a 500   |b BAT 
100 1 |a Bates, Jeffrey 
245 1 0 |a Biji benih dan tumbuh-tumbuhan   |c Jeffrey Bates 
260 |a Kuala Lumpur :   |b Pustaka Sistem Pelajaran ,   |c 1994 
300 |a 32 p. ;   |c 29 cm. 
650 0 0 |a Plants   |x Experiment   |x Juvenile Literature 
999 |a 048347   |b BUKU   |c JUNIOR BOOKS   |e PERPUSTAKAAN KOMUNITI CAW KOTA DAMANSARA